[Event "Titled Tuesday intern op 02nd Apr Early"]
[Site "Chess.com INT"]
[Date "2024.04.02"]
[Round "2"]
[White "Laddha, Shubh Jayesh"]
[Black "Norowitz, Yaacov"]
[Result "0-1"]
[WhiteElo "2324"]
[BlackElo "2402"]
[PlyCount "194"]
[EventDate "2024.04.02"]
[EventType "swiss (blitz)"]
[EventRounds "11"]
[EventCountry "USA"]
[SourceTitle "CB15_2024"]
[SourceDate "2024.04.10"]
[SourceVersion "1"]
[SourceVersionDate "2024.04.10"]
[SourceQuality "1"]

1. d4 Nf6 2. Nc3 d5 3. Bf4 c6 4. e3 Qb6 5. Rb1 Bf5 6. Bd3 Bg6 7. Nf3 Nbd7 8. 0-0 e6 9. Qe2 Be7 10. e4 0-0 11. e5 Ne8 12. Bxg6 fxg6 13. Be3 a6 14. h4 c5 15. Na4 Qb5 16. Qxb5 axb5 17. Nxc5 Bxc5 18. dxc5 Rxa2 19. Nd4 Nc7 20. f4 Nxc5 21. Nxb5 Nxb5 22. Bxc5 Rc8 23. b4 Nc3 24. Ra1 Rca8 25. Rxa2 Rxa2 26. Rf2 Ne4 27. Re2 h5 28. Kh2 Kh7 29. Be7 b5 30. Bd6 Kg8 31. Be7 Kf7 32. Bd6 Ke8 33. Bc5 Ra4 34. Re3 Ra2 35. c3 Kf7 36. Bd4 Nd2 37. Kh3 Ra1 38. g3 Ne4 39. Re2 Ra6 40. Rc2 Ke8 41. Kg2 Kd7 42. Kf3 Ra4 43. g4 Ke8 44. gxh5 gxh5 45. Rg2 Kf7 46. f5 exf5 47. e6+ Kxe6 48. Rxg7 Ra1 49. Rg6+ Kf7 50. Rg7+ Ke6 51. Rg6+ Ke7 52. Rb6 Rf1+ 53. Kg2 Rf4 54. Rxb5 Rxh4 55. Rxd5 Rg4+ 56. Kf3 Ng5+ 57. Kf2 f4 58. b5 f3 59. b6 Rg2+ 60. Kf1 Nh3 61. b7 Rb2 62. Re5+ Kd7 63. Re3 Rb1+ 64. Re1 Rxb7 65. Re3 Rb1+ 66. Re1 Rb8 67. Re3 Rf8 68. c4 Kc6 69. Re6+ Kd7 70. Rh6 Ra8 71. Rh7+ Ke6 72. Ra7 Rd8 73. Bc3 Rd3 74. Be1 Rd1 75. Ra6+ Kd7 76. Ra7+ Kd6 77. Ra6+ Kc5 78. Rf6 f2 79. Rxf2 Nxf2 80. Kxf2 Kxc4 81. Ba5 Rd5 82. Bc7 Kd4 83. Kg3 Ke4 84. Kh2 Rf5 85. Bb6 Kf3 86. Bd4 Kg4 87. Bb6 Rd5 88. Ba7 Rd2+ 89. Kh1 Ra2 90. Bb8 Kh3 91. Be5 Re2 92. Bd4 Rh2+ 93. Kg1 Rd2 94. Bc5 Rd1+ 95. Kf2 Kh2 96. Bd6+ Kh1 97. Kg3 Rxd6 0-1

[Event "Titled Tuesday intern op 02nd Apr Late"]
[Site "Chess.com INT"]
[Date "2024.04.02"]
[Round "4"]
[White "Norowitz, Yaacov"]
[Black "Banerjee, Supratit"]
[Result "1-0"]
[WhiteElo "2402"]
[BlackElo "2060"]
[PlyCount "101"]
[EventDate "2024.04.02"]
[EventType "swiss (blitz)"]
[EventRounds "11"]
[EventCountry "USA"]
[SourceTitle "CB15_2024"]
[SourceDate "2024.04.10"]
[SourceVersion "1"]
[SourceVersionDate "2024.04.10"]
[SourceQuality "1"]

1. d4 d5 2. Nf3 Nf6 3. Bf4 e6 4. e3 Bd6 5. Bg3 0-0 6. c4 Ne4 7. Nc3 Nxc3 8. bxc3 h6 9. Qc2 c6 10. Rb1 b6 11. cxd5 exd5 12. c4 dxc4 13. Bxc4 Bg4 14. Ne5 Bxe5 15. Bxe5 Nd7 16. Bd6 Re8 17. 0-0 Qf6 18. Bg3 Rad8 19. h3 Bf5 20. Bd3 Bxd3 21. Qxd3 Nc5 22. Qc2 Ne4 23. Be5 Qg6 24. f3 Nd6 25. Qxg6 fxg6 26. Bxd6 Rxd6 27. Kf2 Rde6 28. Rfe1 Rd6 29. Rbc1 Red8 30. Re2 Kf7 31. Rec2 Rc8 32. g4 Ke6 33. Ke2 g5 34. a4 Kf6 35. Rc4 g6 36. e4 Kf7 37. Ke3 h5 38. e5 Rd5 39. Rxc6 Rxc6 40. Rxc6 Ra5 41. Rc4 Ke6 42. Ke4 Kd7 43. d5 Kd8 44. e6 b5 45. axb5 Rxb5 46. Ke5 a5 47. Rc6 Rb8 48. Ra6 Rb3 49. Ra7 Ke8 50. Ra8+ Ke7 51. d6# 1-0

[Event "Titled Tuesday intern op 27th Feb Late"]
[Site "Chess.com INT"]
[Date "2024.02.27"]
[Round "11"]
[White "Norowitz, Yaacov"]
[Black "Wu, Derek"]
[Result "1-0"]
[WhiteElo "2402"]
[BlackElo "2295"]
[PlyCount "75"]
[EventDate "2024.02.27"]
[EventType "swiss (blitz)"]
[EventRounds "11"]
[EventCountry "USA"]
[SourceTitle "CB10_2024"]
[SourceDate "2024.03.06"]
[SourceVersion "1"]
[SourceVersionDate "2024.03.06"]
[SourceQuality "1"]

1. d4 d5 2. Nf3 Nf6 3. Bf4 c5 4. e3 Nc6 5. c3 Qb6 6. Qc2 Bg4 7. Ne5 Nxe5 8. Bxe5 Nd7 9. Bg3 e6 10. Nd2 Rc8 11. Qb3 c4 12. Qc2 Bf5 13. Qc1 Bd6 14. Be2 0-0 15. Bxd6 Qxd6 16. 0-0 b5 17. b4 a5 18. a3 Ra8 19. Qb2 Ra6 20. Bf3 Bd3 21. Rfe1 f5 22. g3 Rfa8 23. Bg2 Nb6 24. f3 Na4 25. Qc1 axb4 26. axb4 Nb6 27. Rxa6 Rxa6 28. e4 Ra2 29. exf5 Bxf5 30. Nf1 Na4 31. Ne3 Bd3 32. f4 Rb2 33. f5 Bxf5 34. Bxd5 Rb1 35. Qd2 Rb2 36. Nxf5 Rxd2 37. Nxd6 exd5 38. Re8# 1-0

[Event "Titled Tuesday intern op 13th Feb Early"]
[Site "Chess.com INT"]
[Date "2024.02.13"]
[Round "10"]
[White "Seemann, Jakub"]
[Black "Norowitz, Yaacov"]
[Result "0-1"]
[WhiteElo "2439"]
[BlackElo "2402"]
[PlyCount "42"]
[EventDate "2024.02.13"]
[EventType "swiss (blitz)"]
[EventRounds "11"]
[EventCountry "USA"]
[SourceTitle "CB08_2024"]
[SourceDate "2024.02.21"]
[SourceVersion "1"]
[SourceVersionDate "2024.02.21"]
[SourceQuality "1"]

1. d4 Nf6 2. c4 e5 3. dxe5 Ne4 4. Nf3 Nc6 5. e3 d6 6. exd6 Bxd6 7. Bd3 Bb4+ 8. Ke2 Qe7 9. a3 Bd6 10. b4 Bg4 11. Bb2 0-0-0 12. Qc2 f5 13. h3 Bh5 14. Re1 Bxb4 15. Bxe4 fxe4 16. axb4 Nxb4 17. Qb3 exf3+ 18. gxf3 Rhf8 19. Nd2 Rxf3 20. Nxf3 Qe4 21. Bd4 Rxd4 0-1

[Event "Titled Tuesday intern op 13th Feb Early"]
[Site "Chess.com INT"]
[Date "2024.02.13"]
[Round "2"]
[White "Slade, Theodore"]
[Black "Norowitz, Yaacov"]
[Result "0-1"]
[WhiteElo "2086"]
[BlackElo "2402"]
[PlyCount "114"]
[EventDate "2024.02.13"]
[EventType "swiss (blitz)"]
[EventRounds "11"]
[EventCountry "USA"]
[SourceTitle "CB08_2024"]
[SourceDate "2024.02.21"]
[SourceVersion "1"]
[SourceVersionDate "2024.02.21"]
[SourceQuality "1"]

1. d4 Nf6 2. c4 e5 3. dxe5 Ne4 4. Nd2 Bb4 5. Ngf3 Nc6 6. a3 Nxd2 7. Bxd2 Bxd2+ 8. Qxd2 0-0 9. g3 Qe7 10. Bg2 Nxe5 11. Nxe5 Qxe5 12. 0-0 d6 13. b4 Rb8 14. e3 Bd7 15. Qd4 Qxd4 16. exd4 Bc6 17. Bxc6 bxc6 18. Rfe1 Rfe8 19. f3 Kf8 20. Kf2 a5 21. Rxe8+ Kxe8 22. bxa5 Kd7 23. Ke3 Ra8 24. Kd3 Rxa5 25. Kc3 g5 26. a4 h5 27. Kb4 Rf5 28. a5 Kc8 29. Ra3 Kb7 30. Re3 Ka6 31. Ra3 h4 32. c5 Rf6 33. Re3 h3 34. Kc4 Rf5 35. Kb4 Kb7 36. Kc4 Rd5 37. Rb3+ Ka6 38. Re3 dxc5 39. dxc5 Rd2 40. Re7 Kb7 41. Rxf7 Rxh2 42. Rg7 Rh1 43. Rxg5 h2 44. Rh5 Rc1+ 45. Kd4 h1Q 46. Rxh1 Rxh1 47. g4 Kc8 48. g5 Kd7 49. Ke5 Ke7 50. f4 Ra1 51. Kf5 Rxa5 52. Kg6 Rxc5 53. f5 Rc1 54. Kg7 Rf1 55. f6+ Ke6 56. Kg8 Rxf6 57. gxf6 Kxf6 0-1

[Event "Titled Tuesday intern op 16th Jan Late"]
[Site "Chess.com INT"]
[Date "2024.01.16"]
[Round "8"]
[White "Norowitz, Yaacov"]
[Black "Drygalov, Andrey"]
[Result "1-0"]
[WhiteElo "2402"]
[BlackElo "2475"]
[PlyCount "137"]
[EventDate "2024.01.16"]
[EventType "swiss (blitz)"]
[EventRounds "11"]
[EventCountry "USA"]
[SourceTitle "CB04_2024"]
[SourceDate "2023.10.16"]
[SourceVersion "1"]
[SourceVersionDate "2023.10.16"]
[SourceQuality "1"]

1. d4 Nf6 2. e3 d5 3. Bd3 Nbd7 4. f4 g6 5. Nf3 Bg7 6. 0-0 0-0 7. Nbd2 c5 8. c3 Rb8 9. Ne5 Qc7 10. Qe2 Ne8 11. b3 Nd6 12. Ba3 b6 13. Rac1 Bb7 14. c4 dxc4 15. Ndxc4 Nxe5 16. fxe5 Nxc4 17. Bxc4 e6 18. Rfd1 Rfd8 19. Bb5 Qe7 20. Qf2 Qg5 21. h4 Qe7 22. Be2 Rbc8 23. Rf1 h5 24. Bf3 Bxf3 25. Qxf3 Rd7 26. g3 Rdc7 27. Rfd1 Kh7 28. Kg2 Qe8 29. dxc5 bxc5 30. Bb2 a5 31. Rc4 Rd8 32. Rd6 Rcd7 33. Rxd7 Qxd7 34. Rc2 Qa7 35. Rf2 Rd7 36. Qc6 Rc7 37. Qe4 a4 38. Qxa4 Qxa4 39. bxa4 Ra7 40. a3 Kg8 41. Rc2 Bf8 42. Rc4 Be7 43. Bc3 Kf8 44. a5 Ke8 45. e4 Kd7 46. a4 Kc6 47. Bb4 Rb7 48. Bc3 Rb3 49. a6 Rb6 50. a5 Rxa6 51. Ra4 Kb5 52. Ra1 Bd8 53. Rb1+ Kc6 54. Ra1 Kb5 55. Rb1+ Kc4 56. Be1 Bxa5 57. Bxa5 Rxa5 58. Rb7 Kd4 59. Kf3 Ra3+ 60. Kf4 Ra1 61. Rd7+ Kc3 62. Ke3 Rf1 63. Ke2 Rg1 64. Kf2 Rd1 65. Rxd1 c4 66. Ke3 Kc2 67. Rd7 c3 68. Rc7 Kb2 69. Kd3 1-0

[Event "Titled Tuesday intern op 16th Jan Early"]
[Site "Chess.com INT"]
[Date "2024.01.16"]
[Round "3"]
[White "Norowitz, Yaacov"]
[Black "Hansch, Karsten"]
[Result "1-0"]
[WhiteElo "2402"]
[BlackElo "2236"]
[PlyCount "61"]
[EventDate "2024.01.16"]
[EventType "swiss (blitz)"]
[EventRounds "11"]
[EventCountry "USA"]
[SourceTitle "CB04_2024"]
[SourceDate "2023.10.16"]
[SourceVersion "1"]
[SourceVersionDate "2023.10.16"]
[SourceQuality "1"]

1. d4 Nf6 2. Bg5 g6 3. Bxf6 exf6 4. g3 f5 5. e3 Bg7 6. Bg2 0-0 7. Ne2 d6 8. 0-0 Nd7 9. c4 Nf6 10. Nbc3 c6 11. b4 c5 12. Rb1 Rb8 13. Qa4 a6 14. Rfd1 Qc7 15. Nd5 Nxd5 16. Bxd5 cxd4 17. Nxd4 Bxd4 18. Rxd4 Be6 19. Qb3 Rbc8 20. Rc1 Qb6 21. Rcd1 Rfd8 22. a3 Kg7 23. h4 h5 24. Qb2 Bxd5 25. Rxd5+ f6 26. Qb3 Qc6 27. c5 Rd7 28. Rxd6 Rxd6 29. Rxd6 Qe4 30. Rd7+ Kh6 31. Qf7 1-0

[Event "Titled Tuesday intern op 16th Jan Early"]
[Site "Chess.com INT"]
[Date "2024.01.16"]
[Round "8"]
[White "Vakhlamov, Igor L"]
[Black "Norowitz, Yaacov"]
[Result "1-0"]
[WhiteElo "2413"]
[BlackElo "2402"]
[PlyCount "81"]
[EventDate "2024.01.16"]
[EventType "swiss (blitz)"]
[EventRounds "11"]
[EventCountry "USA"]
[SourceTitle "CB04_2024"]
[SourceDate "2023.10.16"]
[SourceVersion "1"]
[SourceVersionDate "2023.10.16"]
[SourceQuality "1"]

1. e4 c6 2. c4 d5 3. exd5 Nf6 4. d4 cxd5 5. Nc3 e6 6. c5 Ne4 7. Qc2 f5 8. Bf4 Be7 9. f3 Nf6 10. Bb5+ Bd7 11. Nge2 0-0 12. 0-0 a6 13. Bd3 Nc6 14. a3 Re8 15. b4 Bf8 16. Kh1 g6 17. Rab1 Bg7 18. a4 e5 19. dxe5 Nxe5 20. Rfd1 Qe7 21. Nd4 Nh5 22. Nxd5 Qh4 23. g3 Nxg3+ 24. Bxg3 Qxd4 25. Be2 Nc6 26. Rxd4 Nxd4 27. Qc4 Be6 28. Bf1 Rad8 29. Bd6 Nxf3 30. Rd1 Ng5 31. Bg2 Ne4 32. Bxe4 fxe4 33. Qxe4 Bf5 34. Ne7+ Kh8 35. Qxb7 Rd7 36. Qc6 Bg4 37. Rg1 Be6 38. Re1 Bf5 39. Re2 h5 40. Nxf5 Rxe2 41. Qxd7 1-0

[Event "Titled Tuesday intern op 28th Feb Late"]
[Site "Chess.com INT"]
[Date "2023.02.28"]
[Round "8"]
[White "Norowitz, Yaacov"]
[Black "Martynov, Pavel"]
[Result "0-1"]
[WhiteElo "2402"]
[BlackElo "2414"]
[PlyCount "84"]
[EventDate "2023.02.28"]
[EventType "swiss (blitz)"]
[EventRounds "11"]
[EventCountry "USA"]
[SourceTitle "CBM 213 Extra"]
[Source "ChessBase"]
[SourceDate "2023.05.31"]
[SourceVersion "1"]
[SourceVersionDate "2023.05.31"]
[SourceQuality "1"]

1. d4 d5 2. Nf3 e6 3. c3 c5 4. Bf4 Nc6 5. e3 Nf6 6. Nbd2 Bd6 7. Bg3 0-0 8. Bb5 Qc7 9. dxc5 Bxg3 10. hxg3 e5 11. Be2 a5 12. a4 Qe7 13. Nb3 Bf5 14. Bb5 Rfd8 15. 0-0 Ne4 16. Nfd2 Nxc5 17. Nxc5 Qxc5 18. Qe2 Be6 19. e4 d4 20. Rfc1 Qb6 21. Rab1 Rac8 22. Bc4 Bxc4 23. Nxc4 Qa6 24. Qf1 h6 25. Rd1 Kh7 26. Na3 Qb6 27. Qb5 Qc7 28. Qc5 f6 29. Nb5 Qf7 30. Qa3 Qh5 31. Qb3 Qg4 32. Qc2 h5 33. Re1 Kg6 34. Qe2 Qg5 35. Rbd1 Rh8 36. Qf3 dxc3 37. bxc3 Qg4 38. Rd7 Qxd7 39. Rd1 Qg4 40. Rd5 Qxf3 41. gxf3 Rhd8 42. Nd6 Rc7 0-1

[Event "Titled Tuesday intern op 31st May Late"]
[Site "Chess.com INT"]
[Date "2022.05.31"]
[Round "8"]
[White "Ivic, Velimir"]
[Black "Norowitz, Yaacov"]
[Result "1-0"]
[WhiteElo "2623"]
[BlackElo "2402"]
[PlyCount "85"]
[EventDate "2022.05.31"]
[EventType "swiss (blitz)"]
[EventRounds "11"]
[EventCountry "USA"]
[SourceTitle "CBM 208 Extra"]
[Source "ChessBase"]
[SourceDate "2022.07.31"]
[SourceVersion "1"]
[SourceVersionDate "2022.07.31"]
[SourceQuality "1"]

1. c4 b6 2. Nc3 c5 3. Nf3 Bb7 4. g3 Bxf3 5. exf3 Nc6 6. Bg2 g6 7. 0-0 Bg7 8. f4 e6 9. Ne4 Qc7 10. Rb1 Nge7 11. d3 0-0 12. a3 d5 13. Nc3 dxc4 14. dxc4 Rad8 15. Qa4 Bxc3 16. bxc3 Qd7 17. f5 Na5 18. Qxd7 Rxd7 19. fxe6 fxe6 20. Bh6 Rfd8 21. Rbe1 Kf7 22. Bg5 Re8 23. Re4 Nf5 24. Rfe1 h6 25. Bc1 h5 26. h3 Rd3 27. Rf4 e5 28. Rfe4 Rxc3 29. Bb2 Rb3 30. Rxe5 Rxe5 31. Bxe5 Ne7 32. Bd6 Nf5 33. Bd5+ Kf6 34. Re6+ Kg7 35. Be5+ Kh7 36. g4 hxg4 37. hxg4 Nd4 38. Re7+ Kh6 39. Bf6 Nf3+ 40. Kg2 Ng5 41. Bg7+ Kh7 42. Be5+ Kh6 43. Bf4 1-0

[Event "Titled Tuesday intern op 31st May Late"]
[Site "Chess.com INT"]
[Date "2022.05.31"]
[Round "7"]
[White "Norowitz, Yaacov"]
[Black "Vasquez Schroder, Rodrigo Rafael"]
[Result "1-0"]
[WhiteElo "2402"]
[BlackElo "2506"]
[PlyCount "87"]
[EventDate "2022.05.31"]
[EventType "swiss (blitz)"]
[EventRounds "11"]
[EventCountry "USA"]
[SourceTitle "CBM 208 Extra"]
[Source "ChessBase"]
[SourceDate "2022.07.31"]
[SourceVersion "1"]
[SourceVersionDate "2022.07.31"]
[SourceQuality "1"]

1. d4 Nf6 2. e3 g6 3. Nf3 Bg7 4. Be2 0-0 5. 0-0 d6 6. b3 b6 7. Bb2 Bb7 8. c4 e6 9. Qc2 Nbd7 10. Nc3 a6 11. Rad1 c5 12. Qb1 Qe7 13. Qa1 Rfd8 14. Rd2 cxd4 15. Nxd4 Nc5 16. Rfd1 Rac8 17. h3 d5 18. cxd5 exd5 19. Nf3 Nce4 20. Nxe4 dxe4 21. Nd4 Ne8 22. Bg4 Rb8 23. a4 h5 24. Be2 Rbc8 25. Bf1 Nf6 26. Rc1 Rxc1 27. Qxc1 Rc8 28. Rc2 Rxc2 29. Qxc2 Qd7 30. Bc4 Ne8 31. Qe2 Qc8 32. Qd2 Nd6 33. Be2 Qc5 34. Bc3 a5 35. b4 axb4 36. Bxb4 Qd5 37. Qc2 Nf5 38. Nxf5 Qxf5 39. Qc7 Qc8 40. Qxb6 Qc1+ 41. Bf1 Bc6 42. a5 Be5 43. Qc5 Qb2 44. Qf8+ 1-0